000 00541nam a2200205Ia 4500
005 20260429112143.0
008 260429s9999||||xx |||||||||||||| ||und||
020 _a9781394254637
041 _aEnglish
082 _a616.07
_bBLA
100 _aBlann, Andrew
245 0 _aMolecular pathology :
_ba primer for laboratory scientists /
_cAndrew Blann
250 _a1st ed.
260 _aNew Jersey :
_bWiley,
_c2025.
300 _axvii, 360 p.; pbk
650 _a Carcinoma
650 _a Sarcoma
650 _aPathology
942 _cTB
999 _c52622
_d52622